German Question Words - Statistics

General Stats
  • This quiz has been taken 53 times
  • The average score is 9 of 14
Answer Stats
Hint Answer % Correct
Where Wo
97%
What Was
92%
Who Wen
86%
When Wann
81%
How Wie
78%
Why Warum
76%
Who(Past tense) Wer
73%
Where from Woher
68%
How much Wie viel
65%
Where to Wohin
62%
How many Wie viele
51%
Whose Wessen
35%
Who(possession) Wem
27%
Which Walcher
3%
No matching quizzes found
Score Distribution
Percent of People with Each Score
Percentile by Number Answered
Your Score History
You have not taken this quiz